| 000 | 00870nam a2200289 a 4500 | ||
|---|---|---|---|
| 001 | sjdsz9bblp b2568411 | ||
| 003 | sjds | ||
| 005 | 20170626144150.0 | ||
| 008 | 970903s1994 wiua j 000 1 spa d | ||
| 010 | _a94076694 | ||
| 020 | _a0307726886 (pbk.) | ||
| 040 |
_aPWmBRO _dCoBoFLC _csjds |
||
| 041 | 1 |
_aspa _heng |
|
| 082 | 0 | 4 |
_a[E] _221 |
| 100 | 1 | _aMayer, Gina. | |
| 245 | 1 | 0 |
_aMi primo y yo / _cpor Gina y Mercer Mayer. |
| 260 |
_aRacine, Wis. : _bWestern Pub., _cc1994. |
||
| 300 |
_a1 v. (unpaged) : _bcol. ill. ; _c20 cm. |
||
| 490 | 0 | _aGolden look-look book. | |
| 500 | _a"Mercer Mayer's Little Critter"--P. [4] of cover. | ||
| 650 | 0 |
_aMonsters _vJuvenile fiction. |
|
| 650 | 0 |
_aHuman behavior _vJuvenile fiction. |
|
| 650 | 1 |
_aCousins _vJuvenile fiction. |
|
| 650 | 1 | _aSpanish language materials. | |
| 700 | 1 |
_aMayer, Mercer, _d1943- |
|
| 942 | _cBK | ||
| 999 |
_c17736 _d17736 |
||